oncoacademy.sk: vzdelávací portál pre onkológiu a urológiu

Bibliographic Details
Format: Article
Language:Slovak
Subjects:

MARC

LEADER 00000nab a2200000 a 4500
001 vtls008620741
003 SK-MaSNL
005 20260303071912.0
008 140303c2005 xo wrzp 0 0slo
015 |a SNBRB2006/01  |2 snkbucl 
040 |a SNKBUCL  |b slo  |c SNKBUCL  |e AACR2 
041 0 |a slo 
044 |a xo  |c SK 
080 |a 616-006.6:004  |2 1997 
080 |a 616.6:004  |2 1997 
245 0 0 |a oncoacademy.sk: vzdelávací portál pre onkológiu a urológiu 
300 |b Fotogr. 
611 2 7 |a Bratislavské onkologické dni  |n (42. :  |d 2005 :  |c Bratislava, Slovensko)  |2 SNK  |9 108444 
650 0 7 |a onkológia  |2 SNKPH  |9 2540 
650 0 7 |a urológia  |2 SNKPH  |9 2605 
650 0 7 |a vzdelávacie portály  |2 SNK  |9 826095 
773 0 |t Zdravotnícke noviny  |g Roč. X, č. 38 (2005)  |x 1335-4477 
773 0 8 |t Kompendium medicíny  |g S. 12 
852 |a SNK  |b KIS3GCP 
958 |a ME  |2 snkbucl 
958 |a SK  |2 snkbucl 
999 |c 1761899  |d 1763829